000
00264 a2200121 4500
001
64903
040
_c
Anchieta - Pituba
240
1
0
_a
Simulado ENEM, 3ª série
_l
por
245
1
0
_a
Simulado ENEM, 3ª série
362
0
_a
2018
650
4
_a
Matemática
942
_c
BK
999
_c
64903
_d
64903